| 000 | 00519nam a2200205Ia 4500 | ||
|---|---|---|---|
| 003 | OSt | ||
| 005 | 20140311163114.0 | ||
| 008 | 140130s9999 xx 000 0 und d | ||
| 020 | _a0590429043 | ||
| 050 |
_aTL 540 _b.So677 1961 |
||
| 100 |
_aSobol, Donald _931337 |
||
| 245 |
_aThe wright brothers at kitty hawk / _cDonald Sobol. |
||
| 260 |
_bScholastic, _aNew York : _c1961. |
||
| 300 |
_a128 p. : _bill. ; _c18 cm. |
||
| 440 |
_v1 _931174 |
||
| 521 | _aG3 | ||
| 526 | _c570 | ||
| 942 |
_cBK _2lcc |
||
| 999 |
_c40693 _d40693 |
||